| 000 | 00439nam a2200193Ia 4500 | ||
|---|---|---|---|
| 008 | 170918s9999 xx 000 0 und d | ||
| 020 | _a9780531162460 | ||
| 050 | _bS729 2003 | ||
| 100 | _aSouza, D. M. | ||
| 245 | _aWacky trees / | ||
| 245 | _cD. M. Souza. | ||
| 260 | _aNew York : | ||
| 260 | _bScholastic, | ||
| 260 | _c2003 | ||
| 300 | _a63 pages : | ||
| 300 | _bcolored illustration ; | ||
| 300 | _c24cm. | ||
| 500 | _a1090 | ||
| 999 |
_c342398 _d342398 |
||